| 000 | 00430nam a22001457a 4500 | ||
|---|---|---|---|
| 005 | 20260225143824.0 | ||
| 008 | 260225b |||||||| |||| 00| 0 eng d | ||
| 020 | _a978-1-85326-078-0 | ||
| 100 | _aFLAUBERT, GUSTAVE | ||
| 245 | _aMADAME BOVARY | ||
| 260 |
_aWARE, HERTFORDSHIRE _bWORDSWORTH EDITIONS LIMITED _c1994 |
||
| 300 | _aXXII, 295P. | ||
| 650 | _a1. PHYSICIANS' SPOUSES-FICTION 2. ADULTERY- FICTION | ||
| 942 |
_2lcc _cBK |
||
| 999 |
_c216659 _d216659 |
||